000 00902nam a2200313Ia 4500
003 OSt
005 20221006151720.0
006 a|||||r|||| 00| 0
007 ta
008 221006b |||||||| |||| 00| 0 eng d
020 _c¥6090
024 _a23,113
037 _cTextual
040 _aEASL
_cEASL
_beng
041 _2eng
_aeng
082 _aX.42.N45, L6
100 _aPATRICK Hugh Ed.
_9237969
245 0 _aAsia's new giant
_b How the Japanese economy works
260 _aWashington,
_bDC Brookings Institutions
_c1976
300 _a944p.
_ccm.
490 _v RS
650 _a Japan - economic conditions
650 _a Japan - Economic policy
_9577765
650 _a Japan - social conditions
_9582428
650 _aJEL
700 _a ROSOVSKY Henry Ed.
942 _hX.42.N45, L6
_cTEXL
_2CC
999 _c1091199
_d1091199